000 00515nam a2200169 i 4500
001 55731
003 ES-MaACL
005 20230906163216.0
007 t|
008 030925s1963 xxu ||||1| eng d
100 1 _aDevereux, O. F.
_943998
245 1 0 _aInteraction of plane-parallel double layers /
_cO.F. Devereux and P.L. de Bruyn.
260 _aCambridge, Massachusetts :
_bThe MIT Press,
_c[1963]
300 _a361 p. ;
_c26 cm.
700 1 _aBruyn, P. L. de.
_932239
852 _aES-MaACL
_jL-10553
_bR.107679
999 _c55731
_d55731